Basic engineering circuit analysis

Gorde:
Xehetasun bibliografikoak
Egile nagusia: Irwin, J. David, 1939-
Formatua: Liburua
Hizkuntza:English
Argitaratua: New York : Macmillan ; Toronto : Maxwell Macmillan Canada ; New York : Maxwell Macmillan International, c1993.
Edizioa:4 edition
Gaiak:
Etiketak: Etiketa erantsi
Etiketarik gabe, Izan zaitez lehena erregistro honi etiketa jartzen!

MARC

LEADER 00000nam a2200000Ia 4500
003 L000667
005 20221231144016.0
008 140114s1993 nyua 000 ||eng d
040 |c cru CEDI 
082 |a  621.319.2 I72b 
100 |a Irwin, J. David, 1939-  |9 19426 
245 |a Basic engineering circuit analysis 
250 |a 4 edition 
260 |a New York : Macmillan ; Toronto : Maxwell Macmillan Canada ; New York : Maxwell Macmillan International,   |c c1993. 
300 |a  xvii, 971 páginas. : ilustraciones . (algunas a color.) ; 25 cm. 
650 |x CIRCUITOS ELECTRICOS  |9 19427 
942 |2 ddc  |c BK 
999 |c 15540  |d 15540